| 000 | 00882cab a2200289 4500 | ||
|---|---|---|---|
| 001 | ABS53750 | ||
| 008 | 090401t1995 xxu||||| |||| 00| 0 eng d | ||
| 035 | _a(Sirsi) u6403 | ||
| 041 | _aeng | ||
| 100 | _aMoore, L. | ||
| 245 | _aWhen science has to be exact | ||
| 260 | _c1995 | ||
| 350 | _a0 | ||
| 490 |
_aProperty Week _v53(2) 12 October 1995, 34-35(2) |
||
| 520 | _aConsiders the legal principles that arise in environmental pollution cases, as defined by the judge in "Graham & Graham v Re-Chem International Ltd". | ||
| 650 | _aCAUSATION | ||
| 650 | _aENVIRONMENTAL POLLUTION | ||
| 650 | _aEVIDENCE | ||
| 650 | _aGRAHAM & GRAHAM V RE-CHEM INTERNATIONAL LTD | ||
| 650 | _aNUISANCE | ||
| 650 | _aPOLLUTION | ||
| 650 | _aREASONABLE USER | ||
| 650 | _aSCIENTIFIC EVIDENCE | ||
| 690 | _aENVIRONMENTAL AND LAND CONSULTANCY | ||
| 942 | _n0 | ||
| 948 | _c04/03/1997 | ||
| 999 |
_c3855 _d3855 |
||